[Event "Krakow Malopolski op"]
[Site "Krakow"]
[Date "2022.06.16"]
[Round "1"]
[White "Rylski, Tadeusz"]
[Black "Smusz, Kamil"]
[Result "1-0"]
[WhiteElo "1715"]
[BlackElo "1882"]
[PlyCount "71"]
[EventDate "2022.06.16"]
[EventType "swiss"]
[EventRounds "7"]
[EventCountry "POL"]
[SourceTitle "EXT 2023"]
[Source "ChessBase"]
[SourceDate "2022.10.05"]
[SourceVersion "1"]
[SourceVersionDate "2022.10.05"]
[SourceQuality "1"]

1. e4 e5 2. Nf3 Nf6 3. Nxe5 Nxe4 4. Qe2 Qe7 5. Qxe4 d6 6. d4 dxe5 7. Qxe5 Qxe5+ 8. dxe5 Bf5 9. c3 Nd7 10. f4 0-0-0 11. Be2 Bc5 12. Nd2 f6 13. g4 Be6 14. Ne4 Bb6 15. c4 fxe5 16. f5 Bf7 17. Bd2 g6 18. f6 h6 19. h4 Nc5 20. Nxc5 Bxc5 21. 0-0-0 Be6 22. g5 h5 23. Bc3 Bf5 24. b4 Be3+ 25. Kb2 Bf4 26. c5 Be4 27. Rxd8+ Rxd8 28. Rd1 Bg3 29. Be1 Bf4 30. Kc3 Bd5 31. a4 c6 32. b5 Kc7 33. Kb2 Re8 34. bxc6 bxc6 35. Ba5+ Kd7 36. Rxd5+ 1-0

[Event "Krakow op-B 32nd"]
[Site "Krakow"]
[Date "2022.01.04"]
[Round "9"]
[White "Karimi, Farhad"]
[Black "Smusz, Kamil"]
[Result "1/2-1/2"]
[WhiteElo "2055"]
[BlackElo "1886"]
[PlyCount "136"]
[EventDate "2021.12.27"]
[EventType "swiss"]
[EventRounds "9"]
[EventCountry "POL"]
[SourceTitle "EXT 2023"]
[Source "ChessBase"]
[SourceDate "2022.10.05"]
[SourceVersion "1"]
[SourceVersionDate "2022.10.05"]
[SourceQuality "1"]

1. d4 d5 2. c4 c6 3. Nf3 e6 4. e3 Nf6 5. Nc3 Bd6 6. Qc2 Nbd7 7. Be2 dxc4 8. Bxc4 b5 9. Bd3 Bb7 10. e4 e5 11. 0-0 Rc8 12. h3 0-0 13. Bg5 h6 14. Bh4 Qc7 15. Qe2 Nh5 16. g3 g6 17. Rac1 Qb6 18. a4 b4 19. a5 Qxa5 20. Ra1 Qc7 21. Na4 Ng7 22. dxe5 Nxe5 23. Nxe5 Bxe5 24. f4 Bd4+ 25. Kh2 c5 26. Bc4 Rfe8 27. e5 Nf5 28. Qc2 Qc6 29. Bf6 b3 30. Qe2 Ne3 31. Bb5 Nxf1+ 32. Qxf1 Qe4 33. Re1 Qd5 34. Rd1 Qf3 35. Bxe8 Rxe8 36. Qxf3 Bxf3 37. Rd3 Bc6 38. Nxc5 Bxc5 39. Rc3 Be7 40. Bxe7 Rxe7 41. Rxc6 Rd7 42. g4 Rd2+ 43. Kg3 Rxb2 44. Rc8+ Kg7 45. f5 gxf5 46. gxf5 Rc2 47. Rb8 b2 48. Rb7 Kf8 49. Rb8+ Ke7 50. Rb7+ Kd8 51. f6 Re2 52. Kf3 Rxe5 53. Rxb2 Rf5+ 54. Ke4 Rxf6 55. Rb7 a6 56. Ra7 Ke8 57. Ra8+ Ke7 58. h4 Rb6 59. Kd5 Rb5+ 60. Kc4 Ra5 61. Kb4 Ra1 62. Rh8 Rb1+ 63. Kc3 Rb6 64. Kc4 f5 65. Rh7+ Kf8 66. Kd5 Rf6 67. Ke5 Rf7 68. Rxh6 f4 1/2-1/2

[Event "Krakow op-B 32nd"]
[Site "Krakow"]
[Date "2021.12.31"]
[Round "5"]
[White "Smusz, Kamil"]
[Black "Kandic, Milan"]
[Result "1/2-1/2"]
[WhiteElo "1886"]
[BlackElo "2034"]
[PlyCount "145"]
[EventDate "2021.12.27"]
[EventType "swiss"]
[EventRounds "9"]
[EventCountry "POL"]
[SourceTitle "EXT 2023"]
[Source "ChessBase"]
[SourceDate "2022.10.05"]
[SourceVersion "1"]
[SourceVersionDate "2022.10.05"]
[SourceQuality "1"]

1. d4 d5 2. Bf4 Nf6 3. e3 Bg4 4. Qd3 Nc6 5. c4 e6 6. Qb3 Bb4+ 7. Nc3 0-0 8. Bd3 dxc4 9. Bxc4 Nd5 10. Bxd5 exd5 11. Nf3 Re8 12. 0-0 Bxf3 13. gxf3 Bxc3 14. Qxc3 Qf6 15. Kh1 Kh8 16. Rg1 h6 17. Rg3 Rac8 18. Qb3 Nxd4 19. exd4 Qxf4 20. Qxd5 Rcd8 21. Qxb7 Qxd4 22. Rag1 Rg8 23. Qxc7 Rd7 24. Qc6 Rd6 25. Qc2 Qd2 26. Qc5 Qd4 27. Qc7 Rd7 28. Qc1 Qd2 29. Qc6 Qd6 30. Qe4 Qd4 31. Qe3 Kh7 32. b3 g6 33. Rg4 Qxe3 34. fxe3 Re8 35. Re1 Rd3 36. Ra4 Re7 37. Kg2 Rd2+ 38. Kg3 Rc7 39. h4 h5 40. e4 Kg7 41. e5 Re7 42. Ree4 Rd5 43. Kf4 a5 44. Rad4 Rb5 45. Rd3 Rc5 46. Rde3 Re6 47. a3 Rb5 48. b4 axb4 49. axb4 Reb6 50. Rb3 Kf8 51. Rc4 Ke7 52. Ke4 Rb7 53. f4 R7b6 54. Kd4 Ke6 55. Kc3 Kf5 56. Rb1 Kg4 57. Rg1+ Kf5 58. Rg5+ Ke6 59. Rd4 Ke7 60. Re4 Ke6 61. Rc4 Rb7 62. Rc6+ Ke7 63. Rc4 Ke6 64. f5+ gxf5 65. Rxh5 Kxe5 66. Rc5+ Ke4 67. Rxb5 Rxb5 68. Kc4 Rb8 69. Rh7 f4 70. Rxf7 Rh8 71. Re7+ Kf3 72. b5 Rxh4 73. b6 1/2-1/2

[Event "Larnaca OFIS op 2nd"]
[Site "Larnaca"]
[Date "2021.10.29"]
[Round "8"]
[White "Smusz, Kamil"]
[Black "Pavlidou, Ekaterini"]
[Result "0-1"]
[WhiteElo "1868"]
[BlackElo "2161"]
[PlyCount "108"]
[EventDate "2021.10.22"]
[EventType "swiss"]
[EventRounds "9"]
[EventCountry "CYP"]
[SourceTitle "CBM 204 Extra"]
[Source "ChessBase"]
[SourceDate "2021.11.30"]
[SourceVersion "1"]
[SourceVersionDate "2021.11.30"]
[SourceQuality "1"]

1. d4 Nf6 2. Bf4 e6 3. e3 d5 4. Nd2 c5 5. c3 Nc6 6. Ngf3 cxd4 7. exd4 Nh5 8. Be3 Bd6 9. Bb5 Nf4 10. 0-0 f6 11. Re1 0-0 12. Bf1 Bd7 13. g3 Ng6 14. c4 Nce7 15. Bg2 Rc8 16. c5 Bb8 17. b4 b6 18. Rc1 bxc5 19. bxc5 Re8 20. h4 Nf5 21. Nb1 Bc6 22. h5 Nf8 23. Bh3 Qd7 24. Bxf5 exf5 25. Qd2 Re4 26. Nc3 f4 27. Nxe4 dxe4 28. Nh4 fxe3 29. Qxe3 Qd5 30. Qb3 Ne6 31. Qxd5 Bxd5 32. Nf5 Kf8 33. a3 Ng5 34. Red1 g6 35. hxg6 hxg6 36. Nh4 Kf7 37. Kf1 Nf3 38. Ng2 Bb3 39. Ne3 f5 40. Ke2 Bxd1+ 41. Rxd1 Rd8 42. d5 Be5 43. Rb1 Rb8 44. Rb4 Rxb4 45. axb4 Bc3 46. c6 Ke7 47. c7 Kd7 48. d6 Nd4+ 49. Kd1 Bxb4 50. Nc4 Nc6 51. Ke2 Bc5 52. f3 Nd4+ 53. Ke3 Nb5+ 54. Kf4 Bxd6+ 0-1

[Event "Larnaca OFIS op 2nd"]
[Site "Larnaca"]
[Date "2021.10.28"]
[Round "7"]
[White "Tsarouhas, Konstantinos"]
[Black "Smusz, Kamil"]
[Result "1/2-1/2"]
[WhiteElo "2133"]
[BlackElo "1868"]
[PlyCount "76"]
[EventDate "2021.10.22"]
[EventType "swiss"]
[EventRounds "9"]
[EventCountry "CYP"]
[SourceTitle "CBM 204 Extra"]
[Source "ChessBase"]
[SourceDate "2021.11.30"]
[SourceVersion "1"]
[SourceVersionDate "2021.11.30"]
[SourceQuality "1"]

1. c4 c6 2. d4 d5 3. Nf3 e6 4. Nc3 dxc4 5. a4 Bb4 6. g3 Nf6 7. Bg2 Nbd7 8. 0-0 0-0 9. Qc2 Re8 10. Na2 Bd6 11. Qxc4 e5 12. dxe5 Nxe5 13. Nxe5 Bxe5 14. Qc2 Qb6 15. Nc3 Be6 16. a5 Qc7 17. Bd2 b6 18. Rfc1 Rac8 19. axb6 axb6 20. e4 Qb7 21. Ne2 Qb8 22. Bf4 c5 23. Bxe5 Qxe5 24. Nf4 Bd7 25. Ra7 Ra8 26. Nd3 Qd4 27. Rxa8 Rxa8 28. e5 Nd5 29. Rd1 Bf5 30. Qb3 c4 31. Nf4 cxb3 32. Rxd4 Nxf4 33. gxf4 Ra1+ 34. Bf1 Kf8 35. Kg2 Rb1 36. Bb5 g6 37. Rd2 Rc1 38. Bd3 Be6 1/2-1/2

[Event "Subcarpathian-chT"]
[Site "Bystre"]
[Date "2021.06.13"]
[Round "8.3"]
[White "Smusz, Kamil"]
[Black "Drozdzal, Michal"]
[Result "1-0"]
[WhiteElo "1872"]
[BlackElo "1503"]
[PlyCount "60"]
[EventDate "2021.06.09"]
[EventType "team-tourn"]
[EventRounds "9"]
[EventCountry "POL"]
[SourceTitle "EXT 2022"]
[Source "ChessBase"]
[SourceDate "2021.10.06"]
[SourceVersion "1"]
[SourceVersionDate "2021.10.06"]
[SourceQuality "1"]

1. d4 d5 2. Bf4 Nf6 3. e3 Bf5 4. c4 c6 5. Qb3 Qb6 6. c5 Qxb3 7. axb3 Nbd7 8. b4 e6 9. Nd2 Be7 10. Ngf3 Ne4 11. h3 0-0 12. b5 f6 13. b4 Nb8 14. Nxe4 Bxe4 15. Nd2 cxb5 16. Nxe4 dxe4 17. Bxb5 Nc6 18. Bxc6 bxc6 19. Ra6 g5 20. Bh2 Rfc8 21. 0-0 e5 22. dxe5 f5 23. Rfa1 Rc7 24. R1a4 Rd8 25. g4 Rd1+ 26. Kg2 f4 27. exf4 gxf4 28. Bxf4 Bh4 29. Rxa7 Rf7 30. Rxf7 Kxf7 1-0

[Event "Subcarpathian-chT"]
[Site "Bystre"]
[Date "2021.06.11"]
[Round "4.3"]
[White "Smusz, Kamil"]
[Black "Stefanski, Adam"]
[Result "1/2-1/2"]
[WhiteElo "1872"]
[BlackElo "1431"]
[PlyCount "120"]
[EventDate "2021.06.09"]
[EventType "team-tourn"]
[EventRounds "9"]
[EventCountry "POL"]
[SourceTitle "EXT 2022"]
[Source "ChessBase"]
[SourceDate "2021.10.06"]
[SourceVersion "1"]
[SourceVersionDate "2021.10.06"]
[SourceQuality "1"]

1. d4 Nf6 2. Bf4 d5 3. e3 e6 4. Nf3 Bd6 5. Bg3 Ne4 6. Nbd2 Nxg3 7. hxg3 c5 8. c3 Nc6 9. Bd3 h6 10. Qe2 Bd7 11. g4 Qe7 12. g5 e5 13. dxe5 Nxe5 14. Nxe5 Bxe5 15. gxh6 Rxh6 16. Rxh6 gxh6 17. 0-0-0 0-0-0 18. Rh1 Rg8 19. Qf3 d4 20. exd4 cxd4 21. cxd4 Bxd4 22. Be4 Be6 23. Nb3 Bf6 24. Kb1 Kb8 25. Rc1 Bxb3 26. axb3 Qe5 27. Rc2 Rc8 28. Rxc8+ Kxc8 29. Qe2 Qc7 30. Bd5 Qe7 31. Be4 Qe5 32. f3 Qc5 33. g4 Kc7 34. Qh2+ Qe5 35. Qc2+ Kb8 36. Qd2 Qd4 37. Qc2 Qe5 38. b4 Qc7 39. Qb3 Qe5 40. Bd5 Be7 41. Bxf7 Qe1+ 42. Ka2 Qxb4 43. Qxb4 Bxb4 44. Kb3 Bd2 45. Kc4 Kc7 46. Kd5 Kd7 47. Ke5 Ke7 48. Bd5 Bc1 49. b3 b6 50. Kf5 a5 51. Ke5 Bd2 52. f4 b5 53. Bc6 a4 54. bxa4 bxa4 55. Bxa4 Kf7 56. Bc2 Bc1 57. Kf5 Bd2 58. Bb3+ Kg7 59. Ke5 Bc3+ 60. Ke6 Bb2 1/2-1/2

[Event "Subcarpathian-chT"]
[Site "Bystre"]
[Date "2021.06.10"]
[Round "2.3"]
[White "Smusz, Kamil"]
[Black "Palacki, Rafal"]
[Result "0-1"]
[WhiteElo "1872"]
[BlackElo "1822"]
[PlyCount "70"]
[EventDate "2021.06.09"]
[EventType "team-tourn"]
[EventRounds "9"]
[EventCountry "POL"]
[SourceTitle "EXT 2022"]
[Source "ChessBase"]
[SourceDate "2021.10.06"]
[SourceVersion "1"]
[SourceVersionDate "2021.10.06"]
[SourceQuality "1"]

1. d4 Nf6 2. Bf4 g6 3. Nc3 d5 4. e3 Bg7 5. h4 h6 6. Be2 a6 7. Nf3 c5 8. Qd2 Nc6 9. 0-0-0 cxd4 10. exd4 Bg4 11. Ne5 Bxe2 12. Nxc6 bxc6 13. Qxe2 0-0 14. g4 Nd7 15. Qd2 Kh7 16. Rde1 Re8 17. Qd3 e5 18. Be3 exd4 19. Bxd4 Rxe1+ 20. Rxe1 Qxh4 21. Bxg7 Kxg7 22. Qd4+ Qf6 23. Qd2 Ne5 24. Qd4 Nf3 25. Qxf6+ Kxf6 26. Rh1 Rh8 27. Rh3 Ne5 28. Rg3 h5 29. gxh5 gxh5 30. Ne2 h4 31. Rh3 c5 32. Kd2 Kf5 33. f3 Ng6 34. Ke3 Re8+ 35. Kf2 Rxe2+ 0-1

[Event "POL-chT 2nd League"]
[Site "Jastrzebia Gora"]
[Date "2019.09.14"]
[Round "8.6"]
[White "Smusz, Kamil"]
[Black "Maciaga, Marcin"]
[Result "0-1"]
[WhiteElo "1906"]
[BlackElo "2118"]
[PlyCount "138"]
[EventDate "2019.09.07"]
[EventType "team-swiss"]
[EventRounds "9"]
[EventCountry "POL"]
[SourceTitle "EXT 2020"]
[Source "ChessBase"]
[SourceDate "2019.10.17"]
[SourceVersion "1"]
[SourceVersionDate "2019.10.17"]
[SourceQuality "1"]
[WhiteTeam "Debica Gryf"]
[BlackTeam "Zielonka Zieloni"]
[WhiteTeamCountry "POL"]
[BlackTeamCountry "POL"]

1. d4 Nf6 2. Bf4 c5 3. e3 Qb6 4. Nc3 d6 5. a3 g6 6. h3 Bg7 7. Nf3 0-0 8. Be2 Bf5 9. Rb1 cxd4 10. exd4 Nc6 11. d5 Nb8 12. 0-0 a6 13. Re1 Qc7 14. g4 Bc8 15. Bf1 b5 16. Bg2 Bb7 17. Qd2 Re8 18. Bh6 Nbd7 19. Bxg7 Kxg7 20. Rbd1 Nb6 21. Qd4 Kg8 22. Nd2 Rac8 23. Nf1 Nc4 24. Ne3 Nxa3 25. Ne4 Nxe4 26. Bxe4 Nc4 27. h4 Qc5 28. b3 Qxd4 29. Rxd4 Nxe3 30. Rxe3 a5 31. h5 b4 32. Bd3 Rc5 33. Bc4 Kf8 34. hxg6 hxg6 35. Rh3 Kg7 36. g5 Rh8 37. Re3 e5 38. Rd1 Rh4 39. Rg3 Bc8 40. c3 bxc3 41. Rxc3 a4 42. Rg3 Bf5 43. Re3 Rg4+ 44. Kf1 Rxg5 45. Ra1 Bd7 46. Ke2 Rg4 47. Kd3 f5 48. Rh3 Rd4+ 49. Ke2 f4 50. Rd3 Rxd3 51. Kxd3 Bf5+ 52. Kc3 axb3 53. Kxb3 e4 54. Kc3 Kf6 55. Kd4 Rc7 56. Ra8 Rb7 57. Ra6 Ke7 58. Ra2 Rb1 59. Ra7+ Kf6 60. Ra6 Rd1+ 61. Kc3 Ke5 62. Kc2 Rh1 63. Kd2 Rh2 64. Ke1 Bg4 65. Ra8 Kd4 66. Ra4 Rh1+ 67. Bf1+ Ke5 68. f3 Bxf3 69. Ra2 g5 0-1

[Event "Malopolska Region-chB"]
[Site "Krakow"]
[Date "2019.06.20"]
[Round "1"]
[White "Kopaczewski, Zbigniew"]
[Black "Smusz, Kamil"]
[Result "0-1"]
[WhiteElo "1496"]
[BlackElo "1862"]
[PlyCount "100"]
[EventDate "2019.06.20"]
[EventType "swiss"]
[EventRounds "7"]
[EventCountry "POL"]
[SourceTitle "EXT 2020"]
[Source "ChessBase"]
[SourceDate "2019.10.17"]
[SourceVersion "1"]
[SourceVersionDate "2019.10.17"]
[SourceQuality "1"]

1. e3 d5 2. g3 e5 3. d4 exd4 4. Qxd4 Nf6 5. Nf3 c5 6. Qa4+ Nc6 7. c3 Bd6 8. Bg2 0-0 9. 0-0 Bf5 10. Nh4 Be6 11. Nd2 Qd7 12. Re1 Rfe8 13. a3 Bh3 14. f4 Bxg2 15. Kxg2 Ne4 16. Nhf3 Re7 17. Nf1 Rae8 18. Qc2 Nf6 19. b4 Rc8 20. Qd1 b6 21. Bb2 Rce8 22. Qd2 Rd8 23. Rad1 Qf5 24. Qd3 Qc8 25. Qb1 Red7 26. Nh4 Bf8 27. Rd3 Ne4 28. c4 cxb4 29. cxd5 Nc5 30. Rdd1 Rxd5 31. Rxd5 Rxd5 32. axb4 Nxb4 33. Ba3 Nbd3 34. Re2 Qc6 35. Kg1 Qa4 36. Bxc5 Bxc5 37. Ng2 Qd7 38. Kh1 Nb4 39. Re1 f5 40. e4 fxe4 41. Qxe4 Nd3 42. Qe8+ Qxe8 43. Rxe8+ Kf7 44. Nge3 Rd7 45. Rh8 h6 46. Nc4 b5 47. Ncd2 b4 48. Rb8 a5 49. Nb3 Ba7 50. Na1 Bxb8 0-1